01998nam a22002775a 450000500170000000800410001702000180005804000380007608200290011410000260014324501170016926000530028630000270033949000460036650000250041250400320043752008520046959000380132165000730135965000790143265100100151165300250152194200080154699900170155495201490157120161116142726.0161114t2015 nyu frb 001 0 eng d a9781107613874 aEG-ScBUEbengcEG-ScBUEdEG-ScBUE04a323.11960730904bDAV2221 aDavenport, Christian.10aHow social movements die : brepression and demobilization of the Republic of New Africa /cChristian Davenport. aNew York :bCambridge University Press,cc.2015. axvii, 346 p. ;c23 cm.0 aCambridge studies in contentious politics aIndex : p. 335-346.  aBibliography : p. 321-334.  a"Met any American communists lately? Between 1919 and the late 1950s, the Communist Party of the United States of America (CP-USA) engaged in a wide variety of challenges directed against the U.S. government and its economic system. Because of this, many aspects of the organization became well known to the American public. Indeed, in their day, the names of the organizational leadership (i.e., William Foster, Earl Browder and Eugene Dennis) were as popular as any at the time. Bent on dramatically transforming US political-economic relations, the Party attempted to raise awareness regarding the evils of the American political-economic system and engage in numerous struggles against it. The activities put forth toward these ends were as numerous as they were varied, from editorials to unionization to political campaigns to mass protests" aSuzan Ashmawy ; revised by Fouad. 7aAfrican AmericansxPolitical activityxHistoryy20th century.2BUEsh 7aBlack militant organizationszUnited StatesxHistoryy20th century.2BUEsh 2BUEsh bBUSBOLcNovember2016 2ddc c23111d23083 00102ddc40708AlahramaMAINbMAINc1STd2016-11-14ePurchaseg270.00h114l0o323.11960730904 DAVp000045082r2025-07-15 00:00:00v337.50yBB